[Event "Abakan op"]
[Site "Abakan"]
[Date "2013.12.03"]
[Round "4"]
[White "Uskov, Nikita"]
[Black "Sergienko, Boris"]
[Result "0-1"]
[WhiteElo "1833"]
[BlackElo "1875"]
[PlyCount "108"]
[EventDate "2013.11.30"]
[EventType "swiss"]
[EventRounds "9"]
[EventCountry "RUS"]
[SourceTitle "EXT 2015"]
[Source "ChessBase"]
[SourceDate "2014.11.20"]
[SourceVersion "1"]
[SourceVersionDate "2014.11.20"]
[SourceQuality "1"]

1. d4 Nf6 2. Nf3 e6 3. c4 d5 4. e3 Nbd7 5. Nc3 c6 6. a3 Bd6 7. Bd3 0-0 8. 0-0 Qc7 9. e4 dxe4 10. Nxe4 Nxe4 11. Bxe4 Nf6 12. Qe2 Nxe4 13. Qxe4 h6 14. h3 b6 15. Rd1 Bb7 16. Be3 Rae8 17. Qd3 Bf4 18. Rac1 Bxe3 19. Qxe3 f6 20. b4 Qf7 21. Rd2 a6 22. Qc3 Rc8 23. c5 b5 24. Nh2 Rcd8 25. Re1 Rd5 26. f4 Rfd8 27. Nf3 Bc8 28. Qe3 Qg6 29. Kh2 h5 30. Rd3 Qh6 31. h4 Rf5 32. g3 Qg6 33. Nd2 a5 34. Ne4 Rfd5 35. Nc3 Rf5 36. Ne4 Rfd5 37. Nd6 e5 38. fxe5 fxe5 39. Nxc8 Rxc8 40. Rd2 axb4 41. axb4 Re8 42. dxe5 Rdxe5 43. Qb3+ Kh7 44. Rxe5 Rxe5 45. Rd8 Re2+ 46. Kg1 Re6 47. Kh2 Qe4 48. Qd1 Qe2+ 49. Kg1 Qxd1+ 50. Rxd1 Rf6 51. Kg2 Kg6 52. Rd4 Kf5 53. Rd7 g6 54. Rd1 Ke4 0-1

[Event "Khakasia-ch"]
[Site "Abakan"]
[Date "2013.02.28"]
[Round "7"]
[White "Tzigelnik, Evgeniy"]
[Black "Sergienko, Boris"]
[Result "1-0"]
[WhiteElo "1967"]
[BlackElo "1901"]
[PlyCount "67"]
[EventDate "2013.02.22"]
[EventType "swiss"]
[EventRounds "9"]
[EventCountry "RUS"]
[SourceTitle "CBM 153 Extra"]
[Source "ChessBase"]
[SourceDate "2013.04.22"]
[SourceVersion "1"]
[SourceVersionDate "2013.04.22"]
[SourceQuality "1"]

1. e4 e5 2. Nf3 Nc6 3. Bb5 a6 4. Ba4 Nf6 5. 0-0 Nxe4 6. Re1 b5 7. Bb3 d5 8. d3 Nc5 9. Nxe5 Nxe5 10. Rxe5+ Be6 11. Bxd5 Bd6 12. Rxe6+ Nxe6 13. Bc6+ Kf8 14. Bxa8 Qxa8 15. Qg4 h5 16. Qd1 h4 17. h3 Qd5 18. Nd2 g5 19. Ne4 Be7 20. Bd2 f5 21. Bc3 Nd4 22. Bxd4 Qxd4 23. Qf3 Qe5 24. Nd2 Kg7 25. c3 Bd6 26. Nf1 Re8 27. d4 Qf4 28. Qd3 g4 29. hxg4 fxg4 30. g3 hxg3 31. Nxg3 Rh8 32. Qf5 Qd2 33. Qd7+ Kf6 34. Ne4+ 1-0